Psicología de la religión / (Record no. 122020)

MARC details
000 -LEADER
campo de control de longitud fija 00487nam a2200169 4500
001 - NÚMERO DE CONTROL
campo de control 122020
003 - IDENTIFICADOR DE NÚMERO DE CONTROL
campo de control ES-MaACL
005 - FECHA Y HORA DE LA ÚLTIMA TRANSACCIÓN
campo de control 20230906191906.0
007 - CAMPO FIJO DE DESCRIPCIÓN FÍSICA--INFORMACIÓN GENERAL
campo de control de longitud fija t|
008 - DATOS DE LONGITUD FIJA--INFORMACIÓN GENERAL
campo de control de longitud fija 070214s1969 sp r ||||1| spa d
100 1# - ENTRADA PRINCIPAL--NOMBRE DE PERSONA
Nombre de persona Poell, Wilhelm.
9 (RLIN) 92718
245 10 - MENCIÓN DEL TÍTULO
Título Psicología de la religión /
Mención de responsabilidad, etc. Wilhelm Pöll ; versión de Ismael Antich.
260 ## - PUBLICACIÓN, DISTRIBUCIÓN, ETC.
Lugar de publicación, distribución, etc. Barcelona :
Nombre del editor, distribuidor, etc. Herder,
Fecha de publicación, distribución, etc. 1969.
300 ## - DESCRIPCIÓN FÍSICA
Extensión 500 p. ;
Dimensiones 22 cm.
700 1# - ENTRADA AGREGADA--NOMBRE PERSONAL
Nombre de persona Antich, Ismael.
9 (RLIN) 21892
852 ## - LOCALIZACIÓN
Ubicación ES-MaACL
Número de control de estantería C-38471
Sublocalización o colección R.71110
Holdings
Estatus retirado Estado de pérdida Estado de daño No para préstamo Biblioteca de origen Biblioteca actual Ubicación en estantería Fecha de adquisición Fuente de adquisición Total de préstamos Signatura topográfica completa Código de barras Visto por última vez Precio de reemplazo Tipo de ítem Koha
        Biblioteca del Ateneo de Madrid Biblioteca del Ateneo de Madrid Depósito 2 17/01/2008     C-38471 1127159 23/02/2023 23/02/2023 Libro impreso